| 000 | 00606nam a22001817a 4500 | ||
|---|---|---|---|
| 003 | PILC | ||
| 005 | 20160128083909.0 | ||
| 008 | 160128b xxu||||| |||| 00| 0 eng d | ||
| 020 | _a9789710165186 | ||
| 050 |
_aHD 2741 _b.B616 2015 |
||
| 100 | _aBiore, Christopher. | ||
| 245 |
_aGood governance & social responsibility : _bmade easy / _cChristopher Biore, Roberto Gonzales, Jose Lemuel Caparas, Nilo Burgos, Win Ballada. |
||
| 250 | _a1st edition. | ||
| 260 |
_aManila : _bDomdance Publishers, _c2015. |
||
| 300 |
_axvi, various pages ; _c27 cm. |
||
| 650 | _aSocial responsibility. | ||
| 942 |
_2lcc _cBK |
||
| 999 |
_c290450 _d290450 |
||